000 00263nam a22001217a 4500
008 181205b xxu||||| |||| 00| 0 eng d
041 _aeng
080 _a941
100 _a16
101 _ahis
245 _aThe Wealth Of Nations
_cSmith.A
942 _2udc
_cBK
999 _c52896
_d52896